Loading...

Phytoplankton of Indian seas: An aspect of marine botany

Bibliografiske detaljer
Hovedforfatter: Santhanam, R; Ramanathan, N; Venkataramanujan, K; Jegatheesan, G
Format: Printed Book
Udgivet: Daya Publishing House, Delhi 1987
Fag:
LEADER 00602nam a2200193 4500
020
082 |a 579.81776 SAN-P 
100 |a Santhanam, R; Ramanathan, N; Venkataramanujan, K; Jegatheesan, G 
245 |a Phytoplankton of Indian seas: An aspect of marine botany 
250
260 |a Daya Publishing House, Delhi  |c 1987 
300 |a 280 
490
500
590 |a Priya  |b 2011-03-28 12:42:39 
650 |a Marine phytoplankton 
942 |c BK 
999 |c 96641  |d 96641 
952 |0 0  |1 0  |4 0  |6 579_817760000000000_SANP  |7 0  |9 110109  |a AQU  |b AQU  |l 0  |o 579.81776 SAN-P  |p AQU03039  |r 2019-09-25  |w 2019-09-25  |y BK